Wikingowie na Śląsku: przyczynek do historii historiografii śląskiej

Titel: Wikingowie na Śląsku: przyczynek do historii historiografii śląskiej
Verfasser:
In: Śla̜ski labirynt krajoznawczy, Band 6 (1994), Seite 41-52
alle Artikel anzeigen
Veröffentlicht: 1994
Format: Aufsatz
Sprache: Polnisch
Kein Bild verfügbar
X
alg: 39463601
001A    $01999:12-11-16 
001B    $01999:01-06-17 $t17:57:36.000 
001D    $01999:12-11-16 
001U    $0utf8 
001X    $00 
002@    $0Aox 
003@    $0394636015 
007A    $0394636015 $aHEB 
007T    $0Herdww003546 
010@    $apol 
011@    $a1994 
021A    $aWikingowie na Śląsku: przyczynek do historii historiografii śląskiej 
027A    $aDie @Normannen in Schlesien: der Beitrag zur Geschichte der schlesischen Historiographie 
028A    $71012599000 $8Cetwiński, Marek$Z1945- [Tp3] $9266565824 
031A    $d6 $h41-52 $j1994 
039B    $aIn $8--Abvc--. Śla̜ski labirynt krajoznawczy. - Wrocław : Sudety, 1989-. - ISSN 0867-0013 $x199400000060000959 $9048583480 
046B    $aParallelt.: Die @Normannen in Schlesien: der Beitrag zur Geschichte der schlesischen Historiographie 

lok: 39463601 78

exp: 39463601 78 1 #EPN
201B/01 $018-11-16 $t12:13:44.000 
201U/01 $0utf8 
203@/01 $0790746484 
208@/01 $a12-11-16 $be 
209A/01 $a/ $f000 $x00 
220C/01 $aTitelaufnehmer: AH 
220C/01 $aHerkunft: IH UWr 
244Z/01 $2Trx $#Silesia $#Śląsk $#Sliezsko $#Slezsko $8--Trx--Schlesien $x01 $9391173987 
244Z/01 $aGeschichte 500-1962 $x02 
244Z/01 $2Trx $8--Trx--Holtzmann, Robert$Z1873-1946 $x03 $9390980269 
244Z/01 $2Trx $#Kunik, Arist Aristovič $#Kunick, Ernst-Eduard $8--Trx--Kunik, Ernst-Eduard$Z1814-1899 $x04 $9390879479 
244Z/01 $2Trx $8--Trx--Szajnocha, Karol$Z1818-1868 $x05 $9390916498 
244Z/01 $2Trx $#historiograafia üldine $#istoriografija bendras $#Historiography $#történetírás általános $#historiografia ogólnie $#historiografia všeobecne $#historiografie všeobecně $#Geschichtsschreibung $#dejepis $8--Trx--Historiographie$gallgemein $x06 $9391362593 
244Z/01 $2Trx $8--Trx--Zeitschriftenaufsatz $x07 $9391384341 
247C/01 $82080>Marburg/Lahn, Herder-Institut, Forschungsbibliothek, Bibliographieportal $9336309341
LEADER 00000caa a22000002c 4500
001 394636015
003 DE-603
005 20170601175736.0
007 tu
008 161112s1994 xx |||| | u00||u|pol c
035 |a (DE-599)HEB394636015 
040 |a DE-603  |b ger  |c DE-603  |d DE-603 
041 |a pol 
100 1 |a Cetwiński, Marek  |d 1945-  |0 (DE-603)266565824  |0 (DE-588)1012599000  |2 gnd 
245 0 0 |a Wikingowie na Śląsku: przyczynek do historii historiografii śląskiej 
246 0 1 |i Parallelt.  |a Die @Normannen in Schlesien: der Beitrag zur Geschichte der schlesischen Historiographie 
246 1 3 |a ˜Dieœ Normannen in Schlesien: der Beitrag zur Geschichte der schlesischen Historiographie 
264 0 |c 1994 
773 0 8 |i In  |t Śla̜ski labirynt krajoznawczy  |d Wrocław : Sudety, 1989-  |x 0867-0013  |g Band 6 (1994), Seite 41-52  |w (DE-603)048583480  |w (DE-600)1077945-0 
924 0 |9 2080  |a (DE-603)790746484  |b DE-2080  |c HES  |d d  |g /